000 00881nam a2200277 a 4500
001 73397
003 BD-RjUL
005 20211209082406.0
008 170530s1963 njua 001 0 eng
035 _a(BD-RjUL)73615
040 _aDLC
_cOAkU
_dBD-RjUL
_beng
041 _aeng
082 _a621.3192
_223
_bPOT 1963
100 1 _aPotter, James L.
_9217110
245 1 0 _aTheory of networks and lines /
_cJames L. Potter and Sylvan Fich.
260 _aEnglewood Cliffs, N.J. :
_bPrentice-Hall,
_c1963, 1965
300 _ax, 436 p. :
_bill. ;
_c24 cm.
500 _aIncludes index
650 0 _aElectric networks.
_9203050
650 0 _aElectric lines.
_9216610
700 1 _aFich, Sylvan,
_9228312
830 _aPrentice-Hall electrical engineering series
_9228311
942 _2ddc
_cBK
999 _c73397
_d73397